000 01048nam a22003017a 4500
999 _c247
_d247
001 002356
003 CoMeUDC002356
005 20181128215751.0
008 131001s2013 ck adb frn 000 0dspa d
020 _a9789588366807
040 _aCO-BoUCM
_bspa
_cCoMeUDC
041 0 0 _aspa
082 0 4 _a318.61 P879p
_220
100 1 _aPoveda Ramos, Gabriel
_946819
245 1 0 _aPoblación y censos en Colombia desde la conquista hasta el siglo XXI
_cGabriel Poveda Ramos ; editora Ana Agudelo de Marín. /
260 _aMedellín
_bEdiciones UNAULA
_c2013
300 _a172 páginas
_bilustraciones, gráficas y mapas
490 0 _aIdentidade
500 _aIncluye índice
650 7 _aDemografía
_xHistoria
_zColombia
_947093
651 4 _aColombia
_xCensos
_xHistoria
_947094
651 4 _aColombia
_xPoblación
_927636
690 _942845
_aHistoria de Colombia
690 _942914
_aSociología
700 1 _aAgudelo de Marín, Ana
_eeditor
_946820
710 2 _aUniversidad Autónoma Latinoamericana
_928059
942 _a5
_cBK
_e1
_mP879
_2lcc
_h318.61